01386cam a2200241 a 4500001001000000003000600010005001700016008004100033020003800074020003500112035002100147040005000168082002000218100002400238245008300262260005800345300003500403504005100438505054800489650004901037650002701086650003101113666492566OCoLC20241209110901.0100922s2011 miua b 001 0 eng  a9780802865786 (pbk. : alk. paper) a080286578X (pbk. : alk. paper) a(OCoLC)666492566 aDLCcDLCdYDXdYDXCPdBTAdIGRdCDXdBWXdDAY00a261.57222bDYR1 aDyrness, William A.10aPoetic theology :bGod and the poetics of everyday life /cWilliam A. Dyrness. aGrand Rapids, Mich. :bW.B. Eerdmans Pub. Co.,c2011. axiii, 338 p. :bill. ;c23 cm. aIncludes bibliographical references and index.0 aPrelude to aesthetic theology : theological reflections on love, desire, and the affections -- The historical model : theologia poetica -- Poetic stewardship of life -- Re-reading the nineteenth-century Romantic heritage -- Twentieth-century aesthetics : in search of a theological voice -- Dante, Bunyan, and the search for a Protestant aesthetics -- Calvin, the locked church, and the recovery of contemplation -- The aesthetics of church -- Aesthetics and social transformation -- Living and reflecting poetically : systematic implications. 0aAestheticsxReligious aspectsxChristianity. 0aTheologyxMethodology. 0aPoetryxReligious aspects.